The Latest rubber mixing research to reduce rubber product cost (Record no. 70818)

MARC details
000 -LEADER
fixed length control field 00376nam a2200133Ia 4500
245 #4 - TITLE STATEMENT
Title The Latest rubber mixing research to reduce rubber product cost
260 ## - PUBLICATION, DISTRIBUTION, ETC. (IMPRINT)
Name of publisher Rubber International Magazine
Year of publication 2003
300 ## - PHYSICAL DESCRIPTION
Number of Pages 44-45
650 ## - SUBJECT ADDED ENTRY--TOPICAL TERM
Topical Term Chlorinated polyethylene
650 ## - SUBJECT ADDED ENTRY--TOPICAL TERM
Topical Term Polymer
650 ## - SUBJECT ADDED ENTRY--TOPICAL TERM
Topical Term Rubber mixing
942 ## - ADDED ENTRY ELEMENTS (KOHA)
Koha item type Journals
Holdings
Withdrawn status Lost status Damaged status Not for loan Home library Current library Shelving location Date acquired Serial Enumeration / chronology Koha item type
      Journals RRII Library RRII Library Rubber general 17/12/2021 Volume 5, Issue 7 Journals